=LDR 00000nam 2200000 4500 =001 INLIS000000000027227 =005 20130612125623 =008 ***********************************Ind** =035 ##$$0010-061300000027227 =041 ##$$a Ind =082 ##$$a 646.72 =090 ##$$a 646.72, Okt d =100 ##$$a Oktovina, Dian Malini =245 ##$$a duapuluh ramuan esensial nusantara untuk cantik dan bugar, Dian Malini Oktovina =260 ##$$a [S.a] $b Jakarta =300 ##$$a 65 hlm, ilus, 27 cm =650 ##$$a Kecantikan Diri =850 ##$$a NBPNMAT